Infrared and raman spectra of polyatomic molecules (Record no. 843)

MARC details
000 -LEADER
fixed length control field 00513nam a2200181Ia 4500
003 - CONTROL NUMBER IDENTIFIER
control field IN-BaIIA
008 - FIXED-LENGTH DATA ELEMENTS--GENERAL INFORMATION
fixed length control field 211028s9999 xx 000 0 eng d
040 ## - CATALOGING SOURCE
Transcribing agency IIA Library
080 ## - UNIVERSAL DECIMAL CLASSIFICATION NUMBER
Universal Decimal Classification number 535.33
Item number HER-1
100 ## - MAIN ENTRY--PERSONAL NAME
Personal name Herzberg, G.
9 (RLIN) 1803
245 #0 - TITLE STATEMENT
Title Infrared and raman spectra of polyatomic molecules
Statement of responsibility, etc. G. Herzberg
260 ## - PUBLICATION, DISTRIBUTION, ETC.
Place of publication, distribution, etc. New York
Name of publisher, distributor, etc. D. Van Nostrand
Date of publication, distribution, etc. 1946
300 ## - PHYSICAL DESCRIPTION
Extent xiii, 632p.
650 ## - SUBJECT ADDED ENTRY--TOPICAL TERM
Topical term or geographic name entry element Polyatomic molecules
9 (RLIN) 1804
650 ## - SUBJECT ADDED ENTRY--TOPICAL TERM
Topical term or geographic name entry element Raman spectra
9 (RLIN) 1805
650 ## - SUBJECT ADDED ENTRY--TOPICAL TERM
Topical term or geographic name entry element Spectroscopy
9 (RLIN) 1535
942 ## - ADDED ENTRY ELEMENTS (KOHA)
Koha item type Books
Holdings
Withdrawn status Lost status Damaged status Not for loan Home library Current library Shelving location Date acquired Total Checkouts Full call number Barcode Date last seen Price effective from Koha item type
        IIA Library-Bangalore IIA Library-Bangalore General Stacks     535.33/ HER-1 869 05/11/2021   Books

Powered by Koha